| 000 | 00689nam a22002417a 4500 | ||
|---|---|---|---|
| 999 |
_c2819 _d2819 |
||
| 003 | AR-CdUCM | ||
| 008 | 190305b ||||| |||| 00| 0 spa d | ||
| 040 |
_aMUNICIPALIDAD PROVINCIAL DEL CUSCO _cBIBLIOTECA MUNICIPAL DEL CUSCO |
||
| 041 | _hit | ||
| 082 |
_a858.9 / _bB46 |
||
| 100 |
_aBerto, Giuseppe _99648 |
||
| 245 | _aEl Bandido / | ||
| 260 |
_aBuenos Aires : _bGuillermo Kraft Limitada, _c1864. |
||
| 300 |
_a202 paginas ; _c17cm. |
||
| 500 | _aLibros de bolsillo y sus colecciones | ||
| 650 |
_aHistoria _9136 |
||
| 650 |
_aEuropa _91221 |
||
| 650 |
_aLiteratura _983 |
||
| 700 |
_aMonti, Lido _99809 |
||
| 700 |
_aSchombach, F. _99810 |
||
| 942 |
_2ddc _cLIBROS |
||
| 945 | _apjha | ||